Probabilistic metric spaces / (Record no. 29663)

000 -LEADER
fixed length control field 00679 a2200205 4500
020 ## - INTERNATIONAL STANDARD BOOK NUMBER
International Standard Book Number 0486445143
020 ## - INTERNATIONAL STANDARD BOOK NUMBER
International Standard Book Number 9780486445144
082 ## - DEWEY DECIMAL CLASSIFICATION NUMBER
Classification number 514.325
090 ## - LOCALLY ASSIGNED LC-TYPE CALL NUMBER (OCLC); LOCAL CALL NUMBER (RLIN)
-- 1045
-- 1045
100 1# - MAIN ENTRY--PERSONAL NAME
Personal name Schweizer, B.
245 10 - TITLE STATEMENT
Title Probabilistic metric spaces /
Statement of responsibility, etc. B. Schweizer, A. Sklar, Mathematics.
260 ## - PUBLICATION, DISTRIBUTION, ETC.
Place of publication, distribution, etc. [S.l.] :
Name of publisher, distributor, etc. Dover Publications,
Date of publication, distribution, etc. 2005.
300 ## - PHYSICAL DESCRIPTION
Extent 352 p. ;
Dimensions 22 cm.
490 1# - SERIES STATEMENT
Series statement Dover books on mathematics.
700 1# - ADDED ENTRY--PERSONAL NAME
Personal name Sklar, A.
700 1# - ADDED ENTRY--PERSONAL NAME
Personal name Mathematics.
830 #0 - SERIES ADDED ENTRY--UNIFORM TITLE
Uniform title Dover books on mathematics.
942 ## - ADDED ENTRY ELEMENTS (KOHA)
Institution code [OBSOLETE] SNS
Koha item type Book
Call number prefix 514.325 SCH
Holdings
Withdrawn status Lost status Damaged status Not for loan Permanent Location Current Location Date acquired Total Checkouts Full call number Barcode Date last seen Price effective from Koha item type
        School of Natural Sciences (SNS) School of Natural Sciences (SNS) 05/26/2016   514.325 SCH SNS0001231 11/22/2022 05/26/2016 Book
© 2023 Central Library, National University of Sciences and Technology. All Rights Reserved.